000 01546 a2200217 4500
001 47115
005 20260407155739.0
008 260407a1993 arg spa d
003 AR-UNSa-BCEJYS
040 _aAR-UNSa-BCEJYS
_bspa
_cAR-UNSa-BCEJYS
080 _a330.342.22
_xEconomía en desarrollo. Economía en industrialización
245 1 0 _aLa edad de plomo del desarrollo latinoamerica
020 _a968-16-4223-6
264 1 _aMéxico :
_bFondo de Cultura Económica
_c1993
300 _a323 p.
_c22 cm.
505 _aIntroducción. Lecciones de la crisis : Una visión de conjunto / Jaime Ros - 1. Ortodoxia y heterodoxia :¿Alternativa de las estrategias de estabilización? / Juan Carlos Moreno - 2. Inflación inercial y conflicto distributivo / Jaime Ros - 3. Aspectos macroeconómicos de la estabilización heterodoxa / Jaime Ros - 4. Políticas de estabilización, nivel de actividad, salarios reales y empleo (1982-1988) / Nora Lustig - 5. Transferencias externas, ajuste interno y potencial de crecimiento / Julio López G. - 6. La restricción externa y el crecimiento a largo plazo / José I. Casar - 7. Ajuste, patrón de desarrollo y distribución del ingreso / Carlos Márquez - 8. Crecimiento y reforma estructural en la América Latina. La situación actual / José María Fanelli, Roberto Frenkel y Guillermo Rozenwurcel.
942 _cBK
590 _aniveau_biblio:m niveau_hierar:0
100 1 _aRos, Jaime
856 4 1 _uhttps://www.biblioeco.unsa.edu.ar/pmb/images/libros/L127393.jpg
_yImagen de portada
_qimage/jpeg
999 _c4289
_d4289